00580nam a2200193Ia 4500003000400000005001700004008004100021040000700062041000800069082001600077100002700093245003100120260003700151300000900188650002700197942001300224999001900237952013000256OSt20260331124804.0250729s2008 xx 000 0 und d cAL aeng a370.25 SHAT aDr. R.L Sharma9230741 aTeaching of social studies aAgrabVinod Pusthak Mandirc2008 a216p aSocial Science9230742 2ddccBED c238933d238933 00104070aALbALd2025-07-29eManagement Booksg80.00l0o370.25 SHATpBED04252r2025-07-29 16:57:07v80.00w2025-07-29yBK